Statistics for South America Map Quiz - 15 Second Sprint

Click here to take the quiz!

General Stats

  • This quiz has been taken 402 times
  • The average score is 8 of 14

Answers on the Map

Answers color-coded by a green-red scale on the quiz's map according to % correct below.
Loading ...
 

Answer Stats

Answer% Correct
Brazil
100%
Argentina
93%
Chile
92%
Uruguay
87%
Paraguay
81%
Bolivia
76%
Peru
69%
Ecuador
61%
Colombia
50%
Venezuela
34%
Guyana
18%
Suriname
12%
Falkland Islands (UK)
7%
French Guiana
6%

Score Distribution

Percentile by Number Answered

Percent of People with Each Score

Your Score History

You have not taken this quiz